[Event "Aktivschach 30 min / Game"]
[Site "?"]
[Date "2011.12.02"]
[Round "1.1"]
[White "Fidelity Designer 2000"]
[Black "Yeno 532 XL"]
[Result "1-0"]
[WhiteElo "1828"]
[BlackElo "1754"]
[Annotator "De Man,Paul"]
[PlyCount "77"]
[EventDate "2011.12.02"]
[EventType "tourn"]
[Source "De Man"]

1. e4 c5 2. Nf3 d6 3. d4 cxd4 4. Nxd4 {last book move} e5 {last book move} 5.
Nf3 Nc6 6. Nc3 Nf6 7. Be2 Be7 8. O-O O-O 9. a4 Bg4 10. Be3 a5 11. Ng5 Bxe2 12.
Qxe2 d5 13. exd5 Nxd5 14. Nxd5 Bxg5 15. Rad1 Bxe3 16. fxe3 Qh4 17. Nb6 (17. Qb5
) 17... Rad8 18. Nd7 Rfe8 19. Qb5 Qb4 20. c3 $1 {a strong move who also
hinders indirectly black knight} Qxb5 21. axb5 Ne7 22. Rd3 {a strange decision
for a computer. Better and more materialistic was} (22. Nxe5) 22... e4 23. Rd4
Ng6 24. Ra1 Nh4 25. Rd5 Ra8 26. Nb6 Ra7 $2 {the pawn will not fall yet but the
rook is very passively posted} 27. b4 (27. Nc4) 27... a4 28. Ra3 $2 {another
weird move (see move 22)} Ng6 29. Rxa4 Rxa4 30. Nxa4 Nf8 $2 31. Kf2 (31. Nc5 $1
) 31... Ne6 32. Rd7 Rb8 33. Nc5 Nxc5 34. bxc5 Kf8 35. Ke2 (35. Kg3) (35. c4)
35... f5 36. Kd1 h5 37. Kc2 Ra8 $2 {the white advanced pawns are faster} 38.
Rxb7 Ra4 39. c6 1-0

[Event "Aktivschach 30 min / Game"]
[Site "?"]
[Date "2011.12.02"]
[Round "1.1"]
[White "Krypton Challenge"]
[Black "Saitek Kasparov Blitz"]
[Result "0-1"]
[WhiteElo "1787"]
[BlackElo "1782"]
[Annotator "De Man,Paul"]
[PlyCount "72"]
[EventDate "2011.12.02"]
[EventType "tourn"]
[Source "De Man"]

1. d4 d5 2. Nf3 c5 3. c4 e6 4. cxd5 exd5 5. Bg5 Be7 6. Bxe7 {last book move}
Nxe7 7. dxc5 Qa5+ 8. Nc3 Nbc6 {last book move} 9. e3 Qxc5 10. Bd3 O-O 11. O-O
Nb4 12. Nd4 Nxd3 13. Qxd3 Bg4 14. h3 Bd7 15. Rac1 Qb6 16. b3 Rac8 17. Rc2 Rc5
18. Rd1 Rfc8 19. Rdc1 Nc6 20. Nxc6 Qxc6 21. b4 Rc4 22. a3 Be6 23. b5 Qd7 24.
Qd2 Bf5 25. Ra2 $2 Qc7 $1 26. g4 Be4 27. b6 axb6 28. f3 Bg6 (28... Bxf3) 29.
Qxd5 Rxc3 30. Rxc3 Qxc3 31. Kf2 Qc7 32. Kg2 Rd8 33. Qb5 Bd3 34. Qb4 Qc5 35. e4
Rd4 36. Qb2 $2 Bc4 $1 0-1

[Event "Aktivschach 30 min / Game"]
[Site "?"]
[Date "2011.12.02"]
[Round "1.1"]
[White "Mephisto Mondial II"]
[Black "Mephisto Rebell 5.0"]
[Result "1/2-1/2"]
[WhiteElo "1800"]
[BlackElo "1857"]
[Annotator "De Man,Paul"]
[PlyCount "125"]
[EventDate "2011.12.02"]
[EventType "tourn"]
[Source "De Man"]

1. d4 d5 2. g3 e6 3. Bg2 Nf6 {end of book} 4. Nf3 {end of book} Bd6 5. Bg5 h6
6. Bxf6 Qxf6 7. Nc3 Bb4 8. Qd3 O-O 9. a3 Bxc3+ 10. Qxc3 Nc6 11. O-O Bd7 12.
Rfd1 Rfe8 13. Ne5 Nxe5 14. dxe5 Qd8 15. e4 c6 16. f4 Qb6+ 17. Kh1 Rad8 18. a4
a5 19. h3 Kh7 20. Bf3 Qf2 21. exd5 exd5 22. Qd3+ g6 23. Bg2 Bf5 24. Rd2 Qxg2+
25. Kxg2 Be4+ $6 (25... Bxd3) 26. Qxe4 dxe4 27. Re2 (27. Rad1) 27... Rd4 28. c3
Rc4 29. Rc2 Rd8 30. b3 Rc5 31. Re1 Rd3 32. Rec1 g5 33. fxg5 hxg5 34. Rf2 Kg7
35. Rcf1 Rd7 36. Rf5 Rxc3 37. Rxg5+ Kh6 38. Rg4 Rc2+ 39. Rf2 Rdd2 40. Rxd2
Rxd2+ 41. Kf1 Rd3 42. e6 fxe6 43. Kg2 e3 44. Re4 Rxb3 45. h4 b5 46. Rxe6+ Kg7
47. Kf3 bxa4 48. Rxc6 e2+ 49. Kxe2 Rxg3 50. h5 a3 51. h6+ Kh7 52. Rc5 $2 (52.
Rc1) 52... Kxh6 $2 (52... Rg1 $1) 53. Rxa5 Rh3 54. Kf2 Rb3 55. Ke1 Kg6 56. Kd1
Rc3 57. Kd2 Rh3 58. Kc1 Rb3 59. Kd1 Re3 60. Kc1 Re1+ 61. Kd2 Ra1 62. Kc2 Kf6
63. Kb3 1/2-1/2

[Event "Aktivschach 30 min / Game"]
[Site "?"]
[Date "2011.12.03"]
[Round "1.2"]
[White "Saitek Kasparov Blitz"]
[Black "Mephisto Mondial II"]
[Result "1-0"]
[WhiteElo "1782"]
[BlackElo "1800"]
[Annotator "De Man,Paul"]
[PlyCount "75"]
[EventDate "2011.12.02"]
[EventType "tourn"]
[Source "De Man"]

1. Nf3 c6 {end of book} 2. d4 d5 3. c4 {end of book} Nf6 {again in book} 4. e3
Bf5 {last book move} 5. Bd3 Bxd3 6. Qxd3 dxc4 7. Qxc4 e6 8. Nc3 Bd6 9. e4 Nfd7
10. Bg5 Qb6 11. e5 h6 12. exd6 hxg5 13. O-O-O Qd8 14. Qb3 Nb6 15. Ne4 N8d7 16.
Nfxg5 Nf8 17. Nf3 Ng6 18. Ne5 Nf4 $2 19. Qf3 $1 (19. d7+ $1) 19... g5 20. d7+
$6 (20. h4 $1) (20. g3) 20... Nxd7 21. Nd6+ Ke7 22. Qa3 c5 23. Ndxf7 Qc7 24.
Nxh8 Nxe5 25. dxe5 Rxh8 26. g3 Ng6 27. Qxa7 Kf7 28. Qa4 Nxe5 29. f4 gxf4 30.
Qxf4+ Kg7 31. Rhe1 (31. Rhf1 $1) 31... Rh5 32. Kb1 Rf5 33. Qe3 b5 $2 34. g4
Nxg4 35. Qg1 Rf4 36. h3 e5 37. Qg3 Kg8 38. hxg4 1-0

[Event "Aktivschach 30 min / Game"]
[Site "?"]
[Date "2011.12.03"]
[Round "1.2"]
[White "Yeno 532 XL"]
[Black "Krypton Challenge"]
[Result "0-1"]
[WhiteElo "1754"]
[BlackElo "1787"]
[Annotator "De Man,Paul"]
[PlyCount "152"]
[EventDate "2011.12.02"]
[EventType "tourn"]
[Source "De Man"]

1. d4 Nf6 2. c4 e6 3. Nc3 d5 4. Bg5 {end of book} c6 {end of book moves} 5. e4
dxe4 6. Nxe4 Bb4+ 7. Nc3 Qa5 8. Bd2 Qd8 9. Nf3 O-O 10. Be2 c5 11. dxc5 Bxc5 12.
O-O Nc6 13. Na4 Be7 14. Qb1 e5 15. Bc3 Qc7 16. Ng5 $2 (16. Re1) 16... Nd4 $1
$17 17. Bd3 h6 18. Nh7 Nxh7 19. Bxh7+ Kh8 20. Bd3 Bd7 21. Qd1 Rad8 22. Bxd4
exd4 23. Re1 Bb4 24. Re2 Qc6 25. b3 Qd6 26. Nb2 Bc6 27. Qc2 Rfe8 28. Rd1 Qf6
29. a4 Qg5 30. Rxe8+ Rxe8 31. g3 Bf3 32. Rf1 Re5 33. Rc1 Re6 $6 (33... Qg4 $1
$19) 34. Rf1 $2 Re8 $2 {nobody see that the white king is in danger} (34... Qh5
) 35. Qb1 Qd2 $2 (35... Qh5) 36. Qc1 $2 (36. c5 $1) 36... Qxc1 37. Rxc1 g6 $2 (
37... Bc3 $1) 38. h4 $2 Bc3 $1 39. Rb1 Kg7 $2 (39... Bxb2 $1) 40. Bf1 Be4 41.
Nd3 f5 42. Rd1 Bf3 43. Rb1 Kf6 44. Nf4 Kf7 45. Bd3 Bd2 46. Nd5 Re5 47. Nc7 a6
48. b4 Kf6 49. Kf1 g5 50. hxg5+ hxg5 51. b5 a5 52. b6 Bb4 53. Rc1 Bc5 54. Rb1
Bc6 55. Bc2 g4 56. Rb2 Kg5 57. Nd5 Ba3 (57... Bxd5 58. cxd5 Rxd5 59. Rb5 $13)
58. Rb3 $2 Bxa4 59. f4+ $2 gxf3 60. Rxf3 Bxc2 61. Rxa3 d3 62. Nc3 d2 63. Kf2
d1=Q 64. Nxd1 Bxd1 65. Rd3 Ba4 66. Rd8 Bc6 67. Rg8+ Kf6 68. Rf8+ Ke6 69. Ra8 a4
70. Kf1 Rc5 71. Rg8 Rxc4 72. Ke2 Rb4 73. Ke3 Rxb6 74. Kd4 Rb4+ 75. Kc5 Rg4 76.
Rxg4 fxg4 0-1

[Event "Aktivschach 30 min / Game"]
[Site "?"]
[Date "2011.12.03"]
[Round "1.2"]
[White "Excalibur Igor"]
[Black "Fidelity Designer 2000"]
[Result "1-0"]
[WhiteElo "1836"]
[BlackElo "1828"]
[Annotator "De Man,Paul"]
[PlyCount "113"]
[EventDate "2011.12.02"]
[EventType "tourn"]
[Source "De Man"]

1. d4 d5 2. c4 e6 3. Nc3 Nf6 4. Bg5 Be7 5. e3 O-O 6. Nf3 Nbd7 7. Rc1 c6 8. Bd3
dxc4 9. Bxc4 Nd5 10. Bxe7 Qxe7 {last book move} 11. Ne4 {last book move} f5 12.
Nc3 b5 13. Bb3 Bb7 14. Nxd5 exd5 15. O-O a5 16. Bc2 Qb4 17. Qd2 Nb6 18. Bd3 Nc4
19. Bxc4 bxc4 20. Rc3 c5 21. dxc5 Qxc5 22. Rfc1 a4 23. b3 axb3 24. axb3 Ba6 25.
Ne5 Rfe8 26. f4 Rec8 27. Rd1 Qb5 28. Qxd5+ Qxd5 29. Rxd5 cxb3 30. Rxb3 Rc1+ 31.
Kf2 Rc2+ 32. Ke1 Re2+ 33. Kd1 Rxg2 34. Rd2 Be2+ $4 {the Fidelity does
sometimes suicidal moves} (34... Rg1+) (34... Rxd2+) 35. Rxe2 $18 Rg1+ 36. Kc2
Rga1 37. Rd2 R1a2+ 38. Rb2 R2a3 39. Nc4 Rc8 {the idea is good but does not
work here because of} 40. Rb8 (40. Rd8+) 40... Rxb8 41. Nxa3 Rc8+ 42. Kb3 h6
43. Nc4 Rc7 44. Nd6 g6 45. Rg2 Kh7 46. Rc2 Re7 47. Rc3 Kg7 48. Kc2 Kf6 49. Nb5
g5 50. Nd4 gxf4 51. exf4 Rf7 52. Rc6+ Kg7 53. h4 h5 54. Ne6+ Kg6 $4 55. Kc3 $2
(55. Ng5+ Rf6 56. Rxf6+ Kxf6 {was simpler}) 55... Rf6 56. Kd4 Rf7 57. Nd8+ 1-0

[Event "Aktivschach 30 min / Game"]
[Site "?"]
[Date "2011.12.04"]
[Round "1.3"]
[White "Krypton Challenge"]
[Black "Excalibur Igor"]
[Result "1/2-1/2"]
[WhiteElo "1787"]
[BlackElo "1836"]
[Annotator "De Man,Paul"]
[PlyCount "41"]
[EventDate "2011.12.02"]
[EventType "tourn"]
[Source "De Man"]

1. c4 c5 2. Nf3 Nf6 3. d4 cxd4 4. Nxd4 e6 5. Nc3 Bb4 6. Ndb5 {both last book
move} O-O 7. Bg5 h6 8. Bh4 Nc6 9. e3 a6 10. Nd6 Qc7 11. Bg3 e5 12. Nxc8 Raxc8
13. Qb3 Ne4 14. Qc2 Nxg3 15. hxg3 Na5 16. a3 Bxc3+ 17. Qxc3 Nc6 18. Be2 Na5 19.
Bf1 Nc6 20. Be2 Na5 21. Bf1 {a very strange draw} 1/2-1/2

[Event "Aktivschach 30 min / Game"]
[Site "?"]
[Date "2011.12.04"]
[Round "1.3"]
[White "Mephisto Mondial II"]
[Black "Yeno 532 XL"]
[Result "0-1"]
[WhiteElo "1800"]
[BlackElo "1754"]
[Annotator "De Man,Paul"]
[PlyCount "156"]
[EventDate "2011.12.02"]
[EventType "tourn"]
[Source "De Man"]

1. e4 c6 2. d4 d5 3. Nc3 dxe4 4. Nxe4 Bf5 5. Ng3 Bg6 {end of book moves} 6. Bc4
{end of opening} Nf6 7. Nf3 Qa5+ 8. Bd2 Qb6 9. Rb1 c5 10. Be3 Qa5+ 11. Bd2 Qb6
12. Bc3 cxd4 13. Bxd4 Qb4+ 14. Nd2 Nc6 15. a3 Qa4 16. Bxf6 Bxc2 17. b3 Qxc4 18.
bxc4 Bxd1 19. Bc3 Bc2 20. Rb2 Bd3 21. Rxb7 e5 22. a4 Bd6 23. Nge4 Bb8 24. Nc5
Bf5 25. Nde4 Bc8 26. Rb5 O-O 27. O-O h6 28. Rd1 Bc7 29. Nd7 Rd8 30. Rbd5 Ba6
31. R1d2 Re8 32. Ndf6+ gxf6 33. Nxf6+ Kg7 34. Nxe8+ Rxe8 35. c5 Rb8 36. Rb2
Rxb2 37. Bxb2 Kf6 38. Rd7 Bb8 39. f3 Bc4 40. Kf2 Bb3 41. f4 Bxa4 42. Rb7 Ke6
43. Ke2 exf4 44. Bg7 h5 45. Kf2 f3 46. Kxf3 Bxh2 47. Kf2 a5 48. g3 Ne7 49. Rb6+
Kd5 50. Rf6 Bc2 51. Rd6+ Kc4 (51... Kxc5 $2 52. Rd2 $1) 52. Kg2 Bxg3 53. Kxg3
Nf5+ 54. Kf4 Nxg7 55. c6 Ne8 56. Rd7 (56. Rd8 $1) 56... Ba4 $1 57. Rxf7 Bxc6
58. Kg5 Kb4 59. Kxh5 Nd6 60. Rc7 Bf3+ 61. Kg5 Nb5 62. Rf7 Bc6 (62... Bd5 {
protecting the king and then pushing the pawn}) 63. Rf4+ Kb3 64. Rf8 Nd4 65.
Kg4 Kb2 66. Kh4 a4 67. Rf6 a3 68. Rf2+ Nc2 69. Kg5 a2 70. Rf1 Bg2 71. Rd1 Bf3
72. Rf1 Ne3 73. Rf2+ Be2 74. Rh2 a1=Q 75. Rxe2+ Nc2 76. Re7 Qf1 77. Rb7+ Kc3
78. Rc7+ Kd3 {a good game from the Yeno.} 0-1

[Event "Aktivschach 30 min / Game"]
[Site "?"]
[Date "2011.12.04"]
[Round "1.3"]
[White "Mephisto Rebell 5.0"]
[Black "Saitek Kasparov Blitz"]
[Result "1-0"]
[WhiteElo "1857"]
[BlackElo "1782"]
[Annotator "De Man,Paul"]
[PlyCount "124"]
[EventDate "2011.12.02"]
[EventType "tourn"]
[Source "De Man"]

1. e4 c5 2. Nf3 e6 3. d4 cxd4 4. Nxd4 Nc6 5. Nc3 a6 6. Be2 {both end of
opening book} Bb4 7. Qd3 Nf6 8. Nxc6 Bxc3+ 9. Qxc3 dxc6 10. Bg5 h6 11. Bxf6
Qxf6 12. Qxf6 gxf6 13. Rd1 Bd7 14. O-O Rd8 15. c4 Ke7 16. b4 Rhg8 17. f4 f5 18.
exf5 exf5 19. Kf2 Kf6 20. Rd6+ Be6 21. Rfd1 Rxd6 22. Rxd6 Ke7 23. c5 Bd5 24.
Bf3 Be6 25. a3 Rg6 26. g3 Bb3 27. Rd2 Re6 28. h4 Rg6 29. h5 Rg8 30. Rd3 Bc2 31.
Rd4 Bb3 32. Rd6 f6 33. Be2 Rg7 34. Bd3 Be6 35. a4 Bd7 36. Bc4 Rg4 37. Rd1 Be8
38. Bd3 Bd7 39. Be2 Rg8 40. Re1 Kd8 41. Bf3 Rg7 42. Rh1 Be6 43. Rb1 Ke8 44. Re1
Ke7 45. b5 axb5 46. axb5 Kd7 47. bxc6+ bxc6 48. Bxc6+ Kxc6 49. Rxe6+ Kxc5 50.
Rxf6 Ra7 51. Rxf5+ Kd4 52. Rf6 Rh7 53. Ra6 Kc5 54. f5 Kd5 55. g4 Rh8 56. Kf3
Rh7 57. Kf4 Rh8 58. g5 hxg5+ 59. Kxg5 Rc8 60. h6 Rc7 61. Kg6 Rc8 62. h7 Rh8 1-0

[Event "Aktivschach 30 min / Game"]
[Site "?"]
[Date "2011.12.05"]
[Round "1.4"]
[White "Yeno 532 XL"]
[Black "Mephisto Rebell 5.0"]
[Result "0-1"]
[WhiteElo "1754"]
[BlackElo "1857"]
[Annotator "De Man,Paul"]
[PlyCount "156"]
[EventDate "2011.12.02"]
[EventType "tourn"]
[Source "De Man"]

1. e4 e6 2. d4 d5 3. e5 c5 4. c3 Nc6 5. Nf3 Qb6 6. Be2 cxd4 7. cxd4 {end of
book moves} Nh6 $5 8. Nc3 Nf5 9. Bb5 Bd7 10. Bxc6 Bxc6 11. O-O Be7 12. a4 O-O
13. b3 Rad8 14. Bb2 a5 15. Rc1 Rfe8 16. Re1 Rc8 17. Re2 Bb4 18. Rec2 h6 19. Qd3
Red8 20. Ne2 Bd7 21. Rxc8 Rxc8 22. Rxc8+ Bxc8 23. Ng3 Nxg3 24. hxg3 Qc7 25. Nd2
b6 26. Nb1 Ba6 27. Qd1 b5 28. axb5 Bxb5 29. Nc3 Bd7 30. Qd3 Qb6 31. Na4 Qb5 32.
Qc2 Bc6 33. Nc3 Qb6 34. Ne2 Bb7 35. Qd3 Ba6 36. Qd1 Bb5 37. Nc3 Bd7 38. Na4 Qc6
39. Qe2 Bc8 40. Nc3 Ba6 41. Qe3 Be7 42. Qf3 Bg5 43. Qd1 Bb7 44. Na4 Be7 45. Qd2
Bb4 46. Qc1 Qb5 47. Qd1 Ba6 48. Nc3 Qd3 49. Ba1 Bf8 50. Qxd3 Bxd3 51. Na2 Ba3
52. Nc3 Bc2 53. Kf1 Bxb3 54. Ke2 a4 55. Kd2 Bb4 56. Kc1 a3 57. Kb1 f6 58. exf6
gxf6 59. f4 h5 60. Nb5 Kf7 61. Bc3 Be7 62. Na7 Bc4 63. Nc6 Bd6 64. Nd8+ Ke7 65.
Nb7 a2+ 66. Ka1 Bc7 67. Ba5 Bb8 68. Bd8+ Kf7 69. Na5 Kg6 70. Bb6 Kf5 71. Nxc4
dxc4 72. Kxa2 Kg4 73. d5 exd5 74. Bf2 Bd6 75. Kb2 Bb4 76. Kc2 Kf5 77. Kd1 Ke4
78. Be1 Bxe1 0-1

[Event "Aktivschach 30 min / Game"]
[Site "?"]
[Date "2011.12.05"]
[Round "1.4"]
[White "Excalibur Igor"]
[Black "Mephisto Mondial II"]
[Result "1-0"]
[WhiteElo "1836"]
[BlackElo "1800"]
[Annotator "De Man,Paul"]
[PlyCount "111"]
[EventDate "2011.12.02"]
[EventType "tourn"]
[Source "De Man"]

1. e4 c5 2. Nf3 d6 3. Bb5+ Bd7 4. Bxd7+ Qxd7 5. c4 Nc6 {last book move} 6. Nc3
{last book move} g6 7. O-O Bg7 8. d3 Nf6 9. Bg5 Ne5 10. Nxe5 dxe5 11. Qa4 Qxa4
12. Nxa4 Rc8 13. f4 h6 14. Bh4 exf4 15. Bxf6 Bxf6 16. Rxf4 Bd4+ 17. Kh1 Be5 18.
Rf3 O-O 19. Raf1 Kg7 20. g3 f6 21. Nc3 e6 22. Kg2 Rfd8 23. Kf2 g5 24. h3 h5 25.
Re1 g4 26. hxg4 hxg4 27. Rfe3 Bd4 28. Ne2 Bxe3+ 29. Kxe3 Rc6 30. Rh1 Rb6 31. b3
Ra6 32. Rh5 e5 33. Nc3 Rh8 34. Rxh8 Kxh8 35. Na4 b6 36. Nc3 Ra3 37. Kd2 Kg7 38.
Kc2 Kg6 39. Kb2 Ra6 40. a4 Kh5 41. Nd5 Kg5 42. Ne7 b5 43. axb5 Rd6 44. Kc3 a6
45. Nd5 axb5 46. cxb5 f5 47. Kc4 fxe4 $4 (47... f4) 48. dxe4 Kh5 49. b6 Rd8 50.
Kxc5 Rb8 51. Nf6+ Kg5 52. Nd7 Rc8+ 53. Kb5 Rd8 54. b7 Kh5 55. b8=Q Rxb8+ 56.
Nxb8 1-0

[Event "Aktivschach 30 min / Game"]
[Site "?"]
[Date "2011.12.05"]
[Round "1.4"]
[White "Fidelity Designer 2000"]
[Black "Krypton Challenge"]
[Result "0-1"]
[WhiteElo "1828"]
[BlackElo "1787"]
[Annotator "De Man,Paul"]
[PlyCount "117"]
[EventDate "2011.12.02"]
[EventType "tourn"]
[Source "De Man"]

1. e4 c5 2. Nf3 e6 3. d4 cxd4 4. Nxd4 Nc6 5. Nc3 Nf6 6. Ndb5 Bb4 7. a3 Bxc3+ 8.
Nxc3 d5 9. exd5 exd5 {both end of book moves} 10. Qe2+ Be6 11. Bf4 O-O 12.
O-O-O Re8 13. Qb5 Qe7 14. Bg5 d4 15. Ne4 a6 16. Qb6 Bg4 17. f3 Bc8 18. Nxf6+
gxf6 19. Bh6 Qd8 20. Qb3 b5 21. Qd3 Qd5 22. Qd2 Bf5 23. Bd3 Qa2 24. Qf2 Bxd3
25. cxd3 Kh8 26. Qh4 Re6 27. Rhe1 Rc8 28. Rxe6 Nd8+ 29. Kd2 Qxb2+ 30. Ke1 Nxe6
31. Qxf6+ Kg8 32. Qe7 Qxg2 33. Qd6 Qxf3 34. Qe5 Qh3 35. Bg5 Rc5 36. Qb8+ Kg7
37. Bd2 Rf5 38. Qg3+ Qxg3+ 39. hxg3 Rf3 40. Ke2 Rxg3 41. Kf2 Rh3 42. Rg1+ Kf6
43. Rf1 Ke5 44. Ke2 f5 45. Rf3 Rxf3 46. Kxf3 h5 47. Be1 f4 48. Bf2 Nc5 49. Ke2
Kd5 50. Bh4 f3+ 51. Kxf3 Nxd3 52. Bf6 Ne5+ 53. Kg3 Nc4 54. Be7 Ke6 55. Bb4 a5
56. Bf8 Kf7 57. Bc5 d3 58. Kf2 h4 59. Ke1 0-1

[Event "Aktivschach 30 min / Game"]
[Site "?"]
[Date "2011.12.06"]
[Round "1.5"]
[White "Mephisto Mondial II"]
[Black "Fidelity Designer 2000"]
[Result "1-0"]
[WhiteElo "1800"]
[BlackElo "1828"]
[Annotator "De Man,Paul"]
[PlyCount "105"]
[EventDate "2011.12.02"]
[EventType "tourn"]
[Source "De Man"]

1. d4 Nf6 2. c4 g6 3. Nc3 d5 4. cxd5 Nxd5 5. e4 Nxc3 6. bxc3 Bg7 7. Bc4 {end
of book} O-O {end of book} 8. Rb1 Nd7 9. Qb3 Nb6 10. Be2 Bd7 11. Nf3 Ba4 (11...
c5 {is still thematic}) 12. Qb2 Qd7 13. Bf4 (13. O-O) 13... Qg4 14. Bxc7 Bc6
15. Bxb6 axb6 16. O-O Bxe4 17. Rbe1 Rfc8 18. Qb3 e6 19. h3 Qf4 20. a3 b5 21.
Kh1 $2 Qd6 (21... Bd5) (21... Bf8) 22. Ra1 Bd5 23. Qb2 Qc7 24. Rfc1 Qf4 25. Kg1
b6 26. Nd2 e5 (26... b4 $3 27. axb4 Bxd4 28. cxd4 Rxc1+) 27. Bf3 Bxf3 28. Nxf3
e4 29. Nd2 Rd8 (29... e3) 30. Nf1 Rd5 31. Ne3 Rg5 32. Rd1 Qh4 33. Kh1 Ra5 34.
Kh2 $6 Ra8 35. Qd2 Rc8 36. Rab1 Ra8 (36... Bf8) 37. Nc2 (37. g3 $1) 37... Rf5
38. Kg1 Rh5 39. Rb4 Qe7 40. d5 Rc8 $2 41. d6 Qh4 $2 42. d7 Rd8 43. Qe3 $1 {one
of the qualities of Morsch programs is his tactical ability even on a 2 mhz
processor} Re5 44. Qxb6 Qe7 45. Rxb5 Rxb5 46. Qxb5 Bxc3 47. a4 Be5 48. Qd5 (48.
Nb4) 48... Bc3 49. a5 Qe5 $2 50. a6 (50. Qxe5) 50... Qxd5 51. Rxd5 f5 52. a7
Bf6 53. Nd4 1-0

[Event "Aktivschach 30 min / Game"]
[Site "?"]
[Date "2011.12.06"]
[Round "1.5"]
[White "Mephisto Rebell 5.0"]
[Black "Excalibur Igor"]
[Result "1-0"]
[WhiteElo "1857"]
[BlackElo "1836"]
[Annotator "De Man,Paul"]
[PlyCount "131"]
[EventDate "2011.12.02"]
[EventType "tourn"]
[Source "De Man"]

1. Nf3 Nf6 2. c4 c5 3. Nc3 Nc6 4. g3 g6 5. Bg2 Bg7 6. O-O O-O 7. d4 cxd4 8.
Nxd4 Nxd4 9. Qxd4 d6 10. Qd3 a6 11. Be3 {last book move} Bf5 12. Qd2 Rb8 {last
book move} 13. Bf4 Qc7 14. Rac1 Rbc8 $2 (14... Qd7) 15. c5 $1 Rcd8 (15... Ne8
16. Nd5 Qd8 17. Bg5 f6 18. Be3) 16. cxd6 exd6 17. Nd5 Qb8 18. Bg5 (18. Ne7+ Kh8
19. Nxf5) 18... Ne4 $2 (18... Nxd5) 19. Bxe4 $2 Bxe4 $2 20. Bxd8 (20. Nf6+ $1
Kh8 21. Nxe4 f6 22. Bf4 f5 23. Ng5 Rd7 24. Ne6 Re8 25. Nxg7 Kxg7 26. Qd4+ Kf7
27. Rfd1 Rxe2 28. Qd5+ Kg7 29. Be3 {Stockfish program}) 20... Qxd8 21. Nc3 (21.
Rc8 $1 Qd7 22. Rc7) 21... Bc6 22. Rfd1 Re8 23. Qxd6 $2 (23. Nd5) 23... Qxd6 24.
Rxd6 Bxc3 25. bxc3 Rxe2 26. Ra1 Kg7 27. a4 Rc2 28. Rd3 Kf6 29. h3 Be4 30. Re3
Bc6 31. a5 Rd2 $6 32. f3 (32. Kf1) 32... h6 33. h4 Kf5 34. Rae1 Kf6 35. R1e2
Rd1+ 36. Kg2 (36. Kf2) 36... Ra1 37. Re5 Bb5 38. R2e4 Ra2+ (38... Rxa5) 39. Kg1
Bc6 40. Re2 Bxf3 41. Rxa2 Kxe5 42. Rf2 Bd5 43. Re2+ Be4 44. Rd2 Bd5 45. Kf2 f6
46. Rb2 Be4 47. Ke3 Bd5 48. Rb4 f5 49. Rb6 Bc6 50. Rb2 (50. Rb1) 50... Bd5 51.
Rh2 Bc4 52. Rd2 Bd5 53. Re2 (53. Rd1) 53... Bc4 54. Rh2 Bd5 55. h5 g5 56. Rb2
f4+ 57. Kf2 Kf5 58. Rd2 Be6 $2 59. Rd6 $1 fxg3+ 60. Kxg3 g4 61. Rb6 Bf7 $2 62.
Rxh6 Kg5 63. Rh7 Bxh5 64. c4 Bg6 65. Rxb7 Bf5 66. c5 1-0

[Event "Aktivschach 30 min / Game"]
[Site "?"]
[Date "2011.12.06"]
[Round "1.5"]
[White "Saitek Kasparov Blitz"]
[Black "Yeno 532 XL"]
[Result "1/2-1/2"]
[WhiteElo "1782"]
[BlackElo "1754"]
[Annotator "De Man,Paul"]
[PlyCount "120"]
[EventDate "2011.12.02"]
[EventType "tourn"]
[Source "De Man"]

1. Nf3 Nf6 2. d4 e6 {end of book} 3. g3 {end of book} c5 4. Bg2 cxd4 5. Nxd4 e5
6. Nb3 Nc6 7. Bg5 Be7 8. Nc3 O-O 9. Bxf6 Bxf6 10. Ne4 Be7 11. Nd6 Bxd6 $2 (
11... Qc7) 12. Qxd6 $14 Qe7 $6 (12... Re8) 13. O-O-O $16 Qxd6 $2 14. Rxd6 $18
a5 15. Rhd1 Re8 16. Nc5 h5 17. Nxb7 Bxb7 18. Rxd7 Ba6 19. Bxc6 Rac8 20. Bd5 Rf8
21. Ra7 Bxe2 22. Rd2 Rc5 23. b3 Bg4 24. Re7 g6 25. Rxe5 Kg7 26. Re7 Kf6 27. Ra7
g5 28. Kb2 Bf5 29. c4 h4 30. gxh4 gxh4 31. Rd4 h3 32. Kc3 Kg6 33. a3 Kf6 34. b4
axb4+ 35. axb4 Rcc8 36. b5 Rb8 37. f4 Bg4 38. Ra6+ Kg7 39. Rd2 Bf5 40. Kd4 Rg8
41. Ra7 Bg6 42. f5 Bh5 43. Rd3 Kf6 44. Rxh3 Rg5 45. Be4 Rd8+ 46. Kc5 Rc8+ 47.
Kd5 Rd8+ 48. Kc6 Re8 49. Bd3 (49. Bd5) 49... Be2 50. Rh6+ $2 {the endgame is
REALLY a big problem with the Saitek Kasparov Blitz.} (50. Bxe2) 50... Kg7 51.
h4 Rg3 52. Bxe2 Kxh6 53. Bd1 Rc3 54. Ra6 Re5 55. Kd7+ Kh7 56. Rc6 Rd3+ 57. Rd6
Rc3 58. Rd5 Rxd5+ 59. cxd5 Rd3 60. Ke7 Rxd5 {the b-pawn cannot be saved
neither the f pawn so I decided to draw this (boring) game.} 1/2-1/2

[Event "Aktivschach 30 min / Game"]
[Site "?"]
[Date "2011.12.07"]
[Round "1.6"]
[White "Excalibur Igor"]
[Black "Saitek Kasparov Blitz"]
[Result "1-0"]
[WhiteElo "1836"]
[BlackElo "1782"]
[Annotator "De Man,Paul"]
[PlyCount "99"]
[EventDate "2011.12.02"]
[EventType "tourn"]
[Source "De Man"]

1. d4 Nf6 2. c4 e6 3. Nc3 d5 4. cxd5 exd5 5. Bg5 Nbd7 {both end of opening book
} 6. Rc1 Be7 7. e3 h6 8. Bf4 O-O 9. Bd3 c5 10. dxc5 Nxc5 11. Nge2 Be6 12. O-O
Qb6 13. Nb5 Rac8 14. Be5 Nxd3 15. Qxd3 Bd7 16. Nc7 Bc6 17. Bxf6 Bxf6 18. Nxd5
Bxd5 19. Rxc8 Rxc8 20. Qxd5 Qxb2 21. Ng3 Rd8 22. Qa5 a6 23. Qc7 Re8 24. Rd1 Be5
25. Qd7 Rb8 26. a4 Qc2 27. Nf5 Qe2 28. Qd5 Re8 29. f4 Bc3 30. Rb1 b6 31. Qc6
Rxe3 32. Nxe3 Qxe3+ 33. Kh1 Bd4 34. Qc8+ Kh7 35. Qf5+ Kg8 36. a5 Qe2 37. axb6
Bxb6 38. Qc8+ Kh7 39. Qb7 Bd4 40. Qxf7 Qf2 41. Qc4 Qxf4 42. Qd3+ Kh8 43. Rf1
Qd6 44. Rd1 a5 45. Qxd4 Qa6 46. Qe5 Qa8 47. Rd7 Qf8 48. Qa1 Qf6 49. Qxf6 gxf6
50. Rf7 1-0

[Event "Aktivschach 30 min / Game"]
[Site "?"]
[Date "2011.12.07"]
[Round "1.6"]
[White "Fidelity Designer 2000"]
[Black "Mephisto Rebell 5.0"]
[Result "0-1"]
[WhiteElo "1828"]
[BlackElo "1857"]
[Annotator "De Man,Paul"]
[PlyCount "60"]
[EventDate "2011.12.02"]
[EventType "tourn"]
[Source "De Man"]

1. d4 d5 2. c4 e6 3. Nc3 Nf6 4. Nf3 Be7 5. Bf4 O-O 6. e3 c5 7. dxc5 Nc6 {end
of book} 8. cxd5 {end of book} Nxd5 9. Bd6 Nxc3 10. bxc3 Qa5 11. Qc2 g6 12. Rb1
Rd8 13. Rb5 Qa3 14. Rb3 Qa5 15. Bxe7 Nxe7 16. Rb5 Qc7 17. Qa4 $4 Bd7 18. Qa5 b6
19. Qa3 Bxb5 20. Bxb5 Qxc5 21. Qxc5 bxc5 22. Ke2 Rab8 23. c4 $2 a6 24. Ba4 Rb2+
25. Kf1 Rxa2 26. Bb3 Ra1+ 27. Ne1 Rd2 28. h4 Rb2 29. Rh3 Rxb3 30. e4 Rxh3 0-1